RDR2 Main Campaign Deaths - Statistics

General Stats
  • This quiz has been taken 532 times
  • The average score is 13 of 26
Answer Stats
Method of death Character % Correct
Succumbed to his tuberculosis or killed by Micah Arthur Morgan
90%
Shot by John and Dutch on Mount Hagen as revenge Micah Bell
79%
Shot in the chest by Susan Molly O'Shea
75%
Shot in the chest by Andrew Milton Hosea Matthews
72%
Hanged in Saint Denis Colm O'Driscoll
69%
Decapitated by O'Driscoll Boys Kieran Duffy
65%
Shot by two unnamed Pinkertons Lenny Summers
64%
Shot in the chest by Dutch in Annesburg Leviticus Cornwall
64%
Shot in the head by a Gray sniper Sean MacGuire
64%
Shot in the chest by Micah and succumbed to her wounds Susan Grimshaw
64%
Shot in the head by Abigail Andrew Milton
62%
Drowned and fed to an alligator Angelo Bronte
59%
Succumbed to a gunshot wound in front of his father Eagle Flies
53%
Hanged by John or shot by Sadie Cleet
52%
Succumbed to his tuberculosis Thomas Downes
50%
Shot by John on Mount Hagen Joe
49%
Tortured to death by Pinkerton offscreen Leopold Strauss
48%
Suicide by burning alive Catherine Braithwaite
39%
Blown up with a cannon fired by Arthur Alberto Fussar
38%
Shot by Andrew Milton and left to bleed out Mac Callander
37%
Shot in the gut and succumbed to wounds Davey Callander
36%
Shot by either Arthur or Micah Leigh Gray
28%
Shot and succumbed to wounds Jenny Kirk
27%
Shot by Arthur at the Cornwall oil refinery Henry Favours
18%
Shot in the chest by unnamed ship captain on Guarma Levi Simon
15%
Shot by either Arthur or Micah Archibald MacGregor
13%
No matching quizzes found
Score Distribution
Percent of People with Each Score
Percentile by Number Answered
Your Score History
You have not taken this quiz